| 000 | 02153nam a22004211i 4500 | ||
|---|---|---|---|
| 001 | ebr10804826 | ||
| 003 | CaPaEBR | ||
| 006 | m o d | ||
| 007 | cr cn||||||||| | ||
| 008 | 130521t20142014inua o 001 0 eng d | ||
| 020 | _a9781118677438 (e-book) | ||
| 020 | _z9781118677797 | ||
| 040 |
_aCaPaEBR _beng _erda _epn _cCaPaEBR |
||
| 035 | _a(OCoLC)861081929 | ||
| 050 | 1 | 4 |
_aQA76.8.I64 _bM34 2014eb |
| 082 | 0 | 4 |
_a004.1675 _223 |
| 100 | 1 | _aMcFedries, Paul. | |
| 245 | 1 | 0 |
_aiPhone 5s and iPhone 5c portable genius / _cby Paul McFedries. |
| 246 | 1 | 4 | _aiPhone 5s & iPhone 5c portable genius |
| 264 | 1 |
_aIndianapolis : _bJohn Wiley & Sons, _c[2014] |
|
| 264 | 4 | _c�2014 | |
| 300 |
_a1 online resource (354 pages) : _bcolor illustrations. |
||
| 336 |
_atext _2rdacontent |
||
| 337 |
_acomputer _2rdamedia |
||
| 338 |
_aonline resource _2rdacarrier |
||
| 440 | 0 | _aPortable genius | |
| 500 | _aIncludes index. | ||
| 505 | 0 | _aHow do I start using my iPhone? -- How do I configure my iPhone? -- How do I connect my iPhone to a network? -- How can I get more out of the Phone App? -- How can I make the most of iPhone web surfing? -- How do I maximize iPhone e-mail? -- How do I synchronize my iPhone? -- How can I get more out of audio features on my iPhone? -- How do I max out my iPhone's photo and video features? -- Can I use my iPhone to manage contacts and appointments? -- How do I use my iPhone to navigate my world? -- How do I manage my e-book library? -- How do I keep my life in sync with iCloud? -- How do I fix my iPhone?. | |
| 588 | _aDescription based on online resource; title from PDF title page (ebrary, viewed December 12, 2013). | ||
| 590 | _aElectronic reproduction. Palo Alto, Calif. : ebrary, 2013. Available via World Wide Web. Access may be limited to ebrary affiliated libraries. | ||
| 650 | 0 | _aiPhone (Smartphone) | |
| 650 | 0 | _aSmartphones. | |
| 650 | 0 | _aPocket computers. | |
| 650 | 0 | _aMobile computing. | |
| 655 | 0 | _aElectronic books. | |
| 797 | 2 | _aebrary. | |
| 856 | 4 | 0 |
_uhttp://site.ebrary.com/lib/rucke/Doc?id=10804826 _zAn electronic book accessible through the World Wide Web; click to view |
| 999 |
_c142929 _d142929 |
||